LIBRARY & INFORMATION CENTRE, KCAET, TAVANUR

ONLINE PUBLIC ACCESS CATALOGUE (OPAC)

Organic Farming : Theory and Practice (Record no. 14677)

MARC details
000 -LEADER
fixed length control field 00345nam a22001337a 4500
020 ## - INTERNATIONAL STANDARD BOOK NUMBER
ISBN 9788172335373
082 ## - DEWEY DECIMAL CLASSIFICATION NUMBER
Classification number 631.584
Item number PAL/OR
100 ## - MAIN ENTRY--AUTHOR NAME
Personal name Palaniappan S.P.
100 ## - MAIN ENTRY--AUTHOR NAME
Personal name Annadurai K.
245 ## - TITLE STATEMENT
Title Organic Farming : Theory and Practice
260 ## - PUBLICATION, DISTRIBUTION, ETC. (IMPRINT)
Place of publication Jodhpur
Name of publisher Scientific Publishers (India)
Year of publication 2012
300 ## - PHYSICAL DESCRIPTION
Number of Pages 257
942 ## - ADDED ENTRY ELEMENTS (KOHA)
Koha item type Books
Holdings
Withdrawn status Lost status Damaged status Collection code Home library Current library Shelving location Date acquired Source of acquisition Cost, normal purchase price Full call number Accession Number Koha item type
        KAUAET KAUAET General Stacks 26/07/2016 Arunima Book Distributors,TVPM. 650.00 631.584 PAL/OR 24573 Books
free website counter